Uzavretie účtovných kníh a zostavenie mimoriadnej účtovnej závierky pri zániku spoločnosti
Povinnosť viesť účtovníctvo a zostavovať účtovnú závierku v rozsahu, obsahu a spôsobom podľa zákona o účtovníctve č. 431/2002 Z. z. Obdobie, počas ktorého je účtovná jednotka povinná viesť účtovníctvo a k akému dátumu zostavuje účtovnú závierku. Zrušenie a zánik spoločnosti.
Salvato in:
| Autore principale: | |
|---|---|
| Natura: | Capitolo di libro |
| Lingua: | slovacco |
| Soggetti: | |
| Tags: |
Nessun Tag, puoi essere il primo ad aggiungerne!!
|
MARC
| LEADER | 00000naa$a2200000$$$4500 | ||
|---|---|---|---|
| 001 | 0057465 | ||
| 005 | 20240502071640.4 | ||
| 041 | 0 | |a slo | |
| 044 | |a SK | ||
| 245 | 1 | 0 | |a Uzavretie účtovných kníh a zostavenie mimoriadnej účtovnej závierky pri zániku spoločnosti |c Lucia Ondrušová |
| 520 | |a Povinnosť viesť účtovníctvo a zostavovať účtovnú závierku v rozsahu, obsahu a spôsobom podľa zákona o účtovníctve č. 431/2002 Z. z. Obdobie, počas ktorého je účtovná jednotka povinná viesť účtovníctvo a k akému dátumu zostavuje účtovnú závierku. Zrušenie a zánik spoločnosti. | ||
| 610 | 2 | 0 | |a účtovníctvo |
| 610 | 2 | 0 | |a knihy účtovné |
| 610 | 2 | 0 | |a závierka účtovná |
| 610 | 2 | 0 | |a spoločnosti |
| 610 | 2 | 0 | |a knihy účtovné |
| 610 | 2 | 0 | |a zrušenie podniku |
| 100 | 1 | |a Ondrušová, Lucia, 1981- | |